Las dos tríadas - ensayos I, II y III. Sugerencia para simplificar la teoría del dinero
Збережено в:
| Автор: | |
|---|---|
| Співавтори: | , |
| Формат: | Книга |
| Мова: | Іспанська |
| Опубліковано: |
Santiago
Universidad de Chile
1969
|
| Серія: | Publicaciones Docentes, 31
|
| Предмети: | |
| Теги: |
Додати тег
Немає тегів, Будьте першим, хто поставить тег для цього запису!
|
MARC
| LEADER | 00000nam a2200000 a 4500 | ||
|---|---|---|---|
| 001 | UCR8795 | ||
| 003 | CL-VaPUC | ||
| 008 | 980529e19690700CL |||||||||||||||||spa|d | ||
| 082 | 0 | 4 | |a 332.4 |b HIC |2 21 |
| 100 | |a Hicks, John R |e author |9 379414 | ||
| 110 | 2 | |a Universidad de Chile |e author |9 410995 | |
| 710 | 2 | |a ESCOLATINA |e author |9 410996 | |
| 245 | 1 | 4 | |a Las dos tríadas - ensayos I, II y III. Sugerencia para simplificar la teoría del dinero |
| 300 | |a 77 p | ||
| 942 | |c BK | ||
| 945 | |d 19980529 00:00:00 |a crobeson | ||
| 260 | |a Santiago |b Universidad de Chile |c 1969 | ||
| 650 | 0 | |a Dinero |9 314331 | |
| 650 | 0 | |a Sistema monetario |9 371822 | |
| 650 | 0 | |a Economía financiera |9 359635 | |
| 583 | |a last modification |c 19980529 00:00:00 |k Rodrigo Vera | ||
| 490 | 0 | |a Publicaciones Docentes, 31 | |
| 999 | |c 270188 |d 270186 | ||